| 000 | 00957cam a2200289 a 4500 | ||
|---|---|---|---|
| 999 |
_c26521 _d26521 |
||
| 001 | 1567608 | ||
| 003 | OSt | ||
| 005 | 20170204145433.0 | ||
| 008 | 920512s1990 njua 001 0 eng | ||
| 010 | _a 92158674 | ||
| 020 | _a1555215084 | ||
| 040 |
_aDLC _cDLC |
||
| 050 | 0 | 0 |
_aNC997 _b.N395 1990 |
| 082 | 0 | 0 |
_a741.6 _220 |
| 245 | 0 | 4 |
_aThe New guide to graphic design / _ceditor, Bob Cotton. |
| 260 |
_aSecaucus, N.J. : _bChartwell Books, _cc1990. |
||
| 300 |
_a192 p. : _bill. (some col.) ; _c31 cm. |
||
| 500 | _a"A Quarto book." | ||
| 500 | _aIncludes index. | ||
| 650 | 0 | _aCommercial art. | |
| 650 | 0 | _aDesign. | |
| 700 | 1 | _aCotton, Bob. | |
| 906 |
_a7 _bcbc _corignew _d2 _encip _f19 _gy-gencatlg |
||
| 942 |
_2lcc _cBOOKS _hNC 997 .M395 1990 |
||